000 00763nam a2200253Ia 4500
003 OSt
005 20220923224206.0
006 a|||||r|||| 00| 0
007 ta
008 220922b |||||||| |||| 00| 0 hin d
024 _a228,465
037 _cTextual
040 _aARTS
_cARTS
_bhin
041 _2hin
_ahin
082 _aQ1:24x, 152P4
100 _aचोपड़ा, मधु
_9156278
245 0 _aउपनिषदों के स्वर
246 _aUpaniṣhadoan ke svara
260 _aदिल्ली
_b सत्यम पब्लिशिंग
_c2004
300 _a144पृ.
_ccm.
650 _aधर्म
942 _hQ1:24x, 152P4
_cTEXL
_2CC
999 _c369889
_d369889